000 01248nas a2200373 4500
001 BR2012009692
003 BR-BrBNA
005 20231205121702.0
007 ta
008 230509b bl.|||p| |||| 00| 00por d
040 _aBR-BrBNA
_bpor
_cBiblioteca Nacional de Agricultura
041 _a(En)
072 _aL72; L73
100 1 _aCunha, N.C.
100 1 _aFonseca, A.H.
100 1 _aRezende, J.
100 1 _aRozental, T.
100 1 _aFavacho, A.R.M.
100 1 _aBarreira, J.D.
100 1 _aMassard, C.L.
100 1 _aLemos, E.R.S.
245 1 _aFirst identification of natural infection of Rickettsia rickettsii in the Rhipicephalus sanguineous tick, in the state of Rio de Janeiro
246 1 _aFirst identification of natural infection of Rickettsia rickettsii in the Rhipicephalus sanguineous tick, in the state of Rio de Janeiro
650 _aCÃO
650 _aCARRAPATO
650 _aPRAGA DE ANIMAL
650 _aVETOR
650 _aTRANSMISSÃO DE DOENÇA
650 _aDOENÇA ANIMAL
650 _aBACTÉRIA
773 0 _tPesquisa Veterinária Brasileira (Brazil)
_xISSN 0100-736X
_g(Mar 2009), v. 29(3) p. 105-108
_wBR2012009692
909 _a202311
_bLúcia
_c55
_dLúcia Elande
942 _2AGRIS
_n0
_cANA
999 _c224724
_d224724